El magisterio como profesión : (Record no. 36105)

MARC details
000 -CABECERA
campo de control de longitud fija 00702nam a2200181 a 4500
005 - FECHA Y HORA DE LA ÚLTIMA TRANSACCIÓN
campo de control 20210223122455.0
008 - ELEMENTOS DE LONGITUD FIJA--INFORMACIÓN GENERAL
campo de control de longitud fija 991125s1972 es 000 0 spa u
035 ## - NÚMERO DE CONTROL DEL SISTEMA
Número de control de sistema UPN01000036105
049 ## - COLECCIÓN
Colección CG
050 #4 - SIGNATURA TOPOGRÁFICA DE LA BIBLIOTECA DEL CONGRESO
Número de clasificación LB2933 B3
Número de documento/Ítem G6
100 1# - ASIENTO PRINCIPAL--NOMBRE PERSONAL
Nombre de persona Gómez Barnusell, Alfredo
245 13 - MENCIÓN DE TÍTULO
Título El magisterio como profesión :
Resto del título estudio sociológico del magisterio nacional en las Islas Baleares /
Mención de responsabilidad, etc. Alfredo Gómez Barnusell ; pról. de Miguel Siguan Soler.
260 ## - PUBLICACIÓN, DISTRIBUCIÓN, ETC.
Lugar de publicación, distribución, etc. Barcelona, Esp. :
Nombre del editor, distribuidor, etc. Ariel,
Fecha de publicación, distribución, etc. 1972.
300 ## - DESCRIPCIÓN FÍSICA
Extensión 303 p. :
Otras características físicas il.
650 #4 - ASIENTO SECUNDARIO DE MATERIA - TERMINO TEMATICO
Término de materia o nombre geográfico como elemento de entrada MAESTROS -
Subdivisión geográfica ISLAS BALEARES, ESPAÑA -
Subdivisión general CONDICIONES ECONOMICAS
9 (RLIN) 9208
650 #4 - ASIENTO SECUNDARIO DE MATERIA - TERMINO TEMATICO
Término de materia o nombre geográfico como elemento de entrada MAESTROS -
Subdivisión geográfica ISLAS BALEARES, ESPAÑA -
Subdivisión general CONDICIONES SOCIALES
9 (RLIN) 843
905 ## - TIPO DE MATERIAL
Tipo de material Libro
Holdings
Estado de retiro Estado de pérdida Fuente del sistema de clasificación o colocación Estado dañado No para préstamo Código de colección Localización permanente Ubicación/localización actual Ubicación en estantería Total de préstamos Clasificación Código de barras Fecha visto por última vez Número de copia Tipo de ítem Koha
    Library of Congress Classification     Colección General Bib. Gregorio Torres Quintero Bib. Gregorio Torres Quintero Planta baja 3 LB2933 B3 G6 104 31/12/2020 1 Libro